000 00737cam a22002291 4500
001 sa 65003192
003 DLC
005 20260227112121.0
008 890420s1964 io 100 0 ind
010 _asa 65003192
035 _a(OCoLC)23546650
040 _aDLC
_cMiU
_dDLC
042 _apremarc
043 _aa-io---
050 0 0 _aHC442
_b.K6 1964a
111 2 _aKonperensi Presidium Kabinet Kerdja dengan Para Tjatur Tunggal Seluruh Indonesia
_d(1964 :
_cDjakarta)
245 1 0 _aSekitar keputusan² Konperensi Presidium Kabinet Kerdja dengan Para Tjatur Tunggal Seluruh Indonesia.
260 _a[Djakarta,
_c1964]
300 _a16 p.
_c21 cm.
651 0 _aIndonesia
_xEconomic policy.
651 0 _aIndonesia
_xMilitary policy.
999 _c63024
_d63024